Responses for show #3435 - Friday, July 9, 1999

Contestants

[<< previous game]

Doug Bennett, a software engineer from San Diego, California

Laura Miller, a writer from Los Angeles, California

Terry Anderson, a production assistant from Los Angeles, California (whose 1-day cash winnings total $10,100)

[next game >>]

Jeopardy! Round responses

BESTSELLERS
I DO KNOW JACK
A WORLD OF SOUP
& A BIBLE PERSON TO BE NAMED LATER
40 YEARS OF BARBIE
COMMON BONDS
    $100 6
God

Laura
    $100 10
Jack Frost

Laura
    $100 15
Minestrone

Terry
    $100 20
Salome

Terry
    $100 1
Ken

Terry
    $100 26
Things you cross

Terry
    $200 7
Witness Protection Program

Laura
    $200 11
Jackie Robinson

Laura
    $200 17
Hangover

Laura
    $200 21
(L: Who was Bathsheba?)

Queen of Sheba

TerryLaura
    $200 2
Marlo Thomas

Laura
    $200 27
Spotted things

Laura
    $300 8
"Everything You Always Wanted to Know About Sex (But Were Afraid to Ask)"

Terry
    $300 12
Jackhammer

Terry
    $300 18
broth

Triple Stumper
    $300 22
Moses

Doug
    $300 3
Malibu Barbie

Laura
    $300 28
Things you walk

Doug
    $400 9
Ireland

Doug
    $400 13
Jack of all trades

Laura
    $400 19
Bisque

Doug
    $400 23
Magi

Doug
    $400 4
Bob Mackie

Laura
    $400 29
Things you swallow

Laura
    $500 16
The Small Stuff

Terry
    $500 14
Jack Lemmon & Jack Klugman

Terry
    $500 25
Black bean soup

Terry
    $500 24
(less than a minute to go...)

Thieves

Doug
    $500 5
Ruth Handler

Triple Stumper
    $500 30
Things you fish for

Doug

Scores at the first commercial break (after clue 13):

Terry Laura Doug
$700 $1,900 $400

Scores at the end of the Jeopardy! Round:

Terry Laura Doug
$2,700 $2,500 $2,800

Double Jeopardy! Round responses

PEOPLE IN HISTORY
"GAY"IETY
REALLY TOUGH CAPITALS
'50s POP MUSIC
(Alex: 1950s pop music.)
EGAD! MORE POET-TREE!
BEFORE & AFTER
    $200 11
Napoleon

Terry
    $200 20
"The Gay '90s"

Terry
    $200 6
Afghanistan

Doug
    $200 25
Little Richard

Laura
    $200 1
Henry Wadsworth Longfellow

Terry
    $200 15
Ulysses S. Grant Wood

Terry
    $400 12
Ferdinand

Laura
    $400 21
Enola Gay

Doug
    $400 7
Azerbaijan

Doug
    $400 26
Chuck Berry

Terry
    $400 2
(L: Who is Byron?)

William Wordsworth

Laura
Triple Stumper
    $400 16
Greg Norman Schwarzkopf

Terry
    $600 13
Susan B. Anthony

Triple Stumper
    $600 22
The Gay Divorcee

Terry
    $600 8
(L: What is Somalia?)
(D: What is Eritrea?)

Djibouti

LauraDoug
Triple Stumper
    $2,000 27
"Tennessee Waltz"

Terry
    $600 3
Robert Frost

Terry
    $600 17
Olivia Newton-John Wayne

Laura
    $800 14
Benito Juárez

Doug
    $2,000 23
Gay Talese

Terry
    $800 9
Qatar

Doug
    $800 28
Sun Records

Terry
    $800 4
(D: Who is Pound?)

Percy Shelley

TerryDoug
    $800 18
D.H. Lawrence Welk

Doug
    $1000 19
South Carolina

Doug
    $1000 24
John Gay

Terry
    $1000 10
Zambia

Doug
    $1000 29
The Juniors

Laura
    $1000 5
Langston Hughes

Laura
    $1000 30
Danny Thomas Hardy

Terry

Scores at the end of the Double Jeopardy! Round:

Terry Laura Doug
$13,100 $4,700 $6,800

[wagering suggestions for these scores]

Final Jeopardy! Round responses

CLASSIC CINEMA
LauraWhat is 12 Angry Men?
$4,699
DougWhat is Double Indemnity?
$6,800
TerryWhat is Mr. Arkadi
$5,000
12 Angry Men

Final scores:

Terry Laura Doug
$8,100 $9,399 $0
2nd place: Trip to Presidente Inter-Continental Hotel, Puerto Vallarta, Mexico New champion: $9,399 3rd place: His & Hers Croton Watches

Game dynamics:

Coryat scores:

Terry Laura Doug
$10,500 $4,700 $6,800
24 R
(including 2 DDs),
0 W
16 R
(including 1 DD),
3 W
15 R,
2 W

Combined Coryat: $22,000

The J! Archive is created by fans, for fans. The Jeopardy! game show and all elements thereof, including but not limited to copyright and trademark thereto, are the property of Jeopardy Productions, Inc. and are protected under law. This website is not affiliated with, sponsored by, or operated by Jeopardy Productions, Inc. Join the discussion at JBoard.tv.